|
|
|
|
| LEADER |
00000nam0a2200000 4500 |
| 001 |
266245 |
| 005 |
20231101234003.0 |
| 020 |
|
|
|a RU
|b 86-78754
|
| 035 |
|
|
|a (RuTPU)RU\TPU\book\289256
|
| 090 |
|
|
|a 266245
|
| 100 |
|
|
|a 20140704d1986 k y0rusy5003 ca
|
| 101 |
0 |
|
|a rus
|
| 102 |
|
|
|a GE
|
| 105 |
|
|
|a a z 010zy
|
| 200 |
1 |
|
|a Очерки металлогении
|f Академия наук Грузинской ССР (АН ГрузССР) ; Кавказский институт минерального сырья
|
| 210 |
|
|
|a Тбилиси
|c Мецниереба
|d 1986
|
| 215 |
|
|
|a 293 с.,
|c ил.
|d 22 см
|
| 300 |
|
|
|a Посвящается 70-летию акад. АН ГССР проф. Г. А. Твалчрелидзе.
|
| 320 |
|
|
|a Библиогр. в конце статей
|
| 606 |
1 |
|
|a Металлогения
|2 stltpush
|3 (RuTPU)RU\TPU\subj\42411
|9 62078
|
| 610 |
1 |
|
|a рудообразование
|
| 610 |
1 |
|
|a геохимия
|
| 610 |
1 |
|
|a Сибирь
|
| 610 |
1 |
|
|a докембрий
|
| 610 |
1 |
|
|a Урал
|
| 610 |
1 |
|
|a литосфера
|
| 610 |
1 |
|
|a рудные процессы
|
| 610 |
1 |
|
|a колчеданные месторождения
|
| 610 |
1 |
|
|a зональность
|
| 610 |
1 |
|
|a платинометалльное рудообразование
|
| 610 |
1 |
|
|a Чешский массив
|
| 610 |
1 |
|
|a рудные формации
|
| 610 |
1 |
|
|a медные месторождения
|
| 610 |
1 |
|
|a офиолитовые зоны
|
| 610 |
1 |
|
|a Малый Кавказ
|
| 610 |
1 |
|
|a Тянь-Шань
|
| 610 |
1 |
|
|a Азербайджан
|
| 610 |
1 |
|
|a Кавказско-Крымско-Карпатский регион
|
| 610 |
1 |
|
|a вулканизм
|
| 675 |
|
|
|a 553.078
|z rus
|v 3
|
| 712 |
0 |
2 |
|a Академия наук Грузинской ССР (АН ГрузССР)
|2 stltpush
|3 (RuTPU)RU\TPU\col\6041
|
| 712 |
0 |
2 |
|a Кавказский институт минерального сырья
|2 stltpush
|3 (RuTPU)RU\TPU\col\20995
|
| 801 |
|
0 |
|a RU
|b RuMRKP
|c 19960705
|g psbo
|
| 801 |
|
1 |
|a RU
|b 63413507
|c 20140704
|
| 801 |
|
2 |
|a RU
|b 63413507
|c 20150626
|g RCR
|
| 942 |
|
|
|c BK
|